00000000nam 2200000zi 4500
0019.946784
003CaOODSP
00520250121091805
006m     o  d f      
007cr cn|||||||||
008250113t19781978onc     ou   f000 0 fre d
040 |aCaOODSP|bfre|erda|cCaOODSP
043 |an-cn---
0861 |aNR24-28/6-1978F-PDF
24500|aCommentaire sur les parties 1 et 2 du Code national du bâtiment du Canada 1977 / |cpublié par le Comité associé du Code national du bâtiment.
250 |aPremière édition française 1978.
264 1|aOttawa : |bConseil national de recherches du Canada, |c1978.
264 4|c©1978
300 |a1 ressource en ligne (vii, 12 pages)
336 |atexte|btxt|2rdacontent/fre
337 |ainformatique|bc|2rdamedia/fre
338 |aressource en ligne|bcr|2rdacarrier/fre
500 |aPublié aussi en anglais sous le titre : Commentary on Parts 1 and 2 of the National Building Code of Canada 1977.
520 |a« Le Commentaire sur les parties 1 et 2 du Code national du bâtiment du Canada 1977 a pour but de faciliter la compréhension des exigences administratives du Code. Il a été conçu d'après les données fournies par le Comité ad hoc de l'administration qui était chargé de l'élaboration des deux premières parties du CNB 1975. Le Commentaire est publié de nouveau afin d'accompagner l'édition de 1977 du CNB étant donné que les parties 1 et 2 sont essentiellement les mêmes dans les deux éditions » -- Préface, page vii.
650 6|aConstruction|xDroit|zCanada|vCodes.
650 6|aConstructions|xNormes|zCanada.
7102 |aConseil national de recherches Canada. |bComité associé sur le Code national du bâtiment, |eorganisme de publication.
77508|tCommentary on Parts 1 and 2 of the National Building Code of Canada 1977 / |w(CaOODSP)9.895102
85640|qPDF|s905 Ko|uhttps://publications.gc.ca/collections/collection_2025/cnrc-nrc/NR24-28-6-1978-fra.pdf
986 |a16776F